States with the Same First 2 letters - Map Quiz - Statistics

General Stats
  • This quiz has been taken 25 times
  • The average score is 19 of 25
Answers on the Map
Answers color-coded by a green-red scale on the quiz's map according to % correct below.
 
Answer Stats
Answer % Correct
Michigan
91%
Maine
86%
Alaska
82%
Arizona
82%
Nevada
82%
Alabama
77%
Maryland
77%
Minnesota
77%
Mississippi
77%
New Hampshire
77%
New York
77%
North Dakota
77%
South Dakota
77%
Texas
77%
Arkansas
73%
Colorado
73%
Massachusetts
73%
Nebraska
73%
New Mexico
73%
Connecticut
68%
Missouri
68%
New Jersey
68%
Tennessee
68%
North Carolina
64%
South Carolina
59%
No matching quizzes found
Score Distribution
Percent of People with Each Score
Percentile by Number Answered
Your Score History
You have not taken this quiz